| 000 | 01999nam a2200421 i 4500 | ||
|---|---|---|---|
| 001 | 000014662 | ||
| 003 | DO-SdBNP | ||
| 005 | 20260321073639.0 | ||
| 007 | ta | ||
| 008 | 100118s2009 dr a 001 0 spa d | ||
| 020 | _a9789993475217 | ||
| 040 |
_aDO-SdBNP _bspa _cBNPHU _erda |
||
| 082 | 4 |
_aRD864.44 _bJ91b _222 |
|
| 245 | 0 | 0 |
_aJuan Bosch : _bmaestro de la narrativa latinoamericana (selección de textos críticos) / _ccompilador y editor, Miguel Collado. |
| 264 |
_aSanto Domingo : _bCEDIBIL, _c2009. |
||
| 300 |
_a926 páginas : _bilustraciones ; _c23 cm. |
||
| 336 |
_2rdacontent _atexto _btxt |
||
| 337 |
_2rdamedia _amediación _bn |
||
| 338 |
_2rdacarrier _avolumen _bnc |
||
| 490 | 1 |
_aPublicaciones de CEDIBIL _v30 |
|
| 490 | 1 |
_aCalímaco _v26 |
|
| 490 | 1 |
_aAntologías y compilaciones _v3 |
|
| 500 | _aIncluye índice onomástico | ||
| 500 | _aIncluye referencias bibliográficas y notas al pie de las páginas | ||
| 504 | _aBibliografía : p. 897-907. | ||
| 505 | 0 |
_aPrefacio- _gPrimera parte-- _tLa narrativa Boschiana ante la crítica de su patria-- _tLa mañosa , de Juan Bosch / _rHéctor Incháustegui Cabral 1912-1979-- _tLa rica narrativa de Juan Bosch / _rMariano Lebrón Saviñón 1922- -- _tPresencia de Juan Bosch / _rVíctor Villegas-- _tSobre la obra cuentista de Juan Bosch / _rManuel Salvador Gautier 1930- -- _tForzados, un cuento premonitorio de Juan Bosch / _rManuel Mora Serrano 1933- .... |
|
| 590 | _aInventariado, 2024/BT | ||
| 590 | _aLa biblioteca posee 3 ejemplares autografiados por el compilador. | ||
| 600 | 1 | 0 |
_a Bosch, Juan, _d1909-2001 _976555 |
| 650 | 4 |
_aLiteratura domincana _xCrítica e interpretación _933212 |
|
| 700 | 1 |
_aCollado, Miguel A., _d1954- _ecompilador y editor _924696 |
|
| 710 | 2 |
_aCentro Dominicano de Investigaciones Bibliográficas. _91224 |
|
| 830 |
_nPublicaci _985259 |
||
| 830 | 0 |
_nCalímaco _p26 _910335 |
|
| 830 | 0 |
_nAntologías y compilaciones _p3 _985260 |
|
| 910 | _aValidado. Control de calidad MMOLINA | ||
| 942 |
_2ddc _cLBS1 |
||
| 999 |
_c14246 _d14246 |
||